Textbook of electrical technology (Record no. 30106)

000 -LEADER
fixed length control field 00473nam a22001937a 4500
001 - CONTROL NUMBER
control field 30106
003 - CONTROL NUMBER IDENTIFIER
control field BD-DhUET
008 - FIXED-LENGTH DATA ELEMENTS--GENERAL INFORMATION
fixed length control field 150620b xxu||||| |||| 00| 0 eng d
040 ## - CATALOGING SOURCE
Transcribing agency 0
Modifying agency BD-DhUET
082 ## - DEWEY DECIMAL CLASSIFICATION NUMBER
Classification number 623
Item number THE/1972
100 ## - MAIN ENTRY--PERSONAL NAME
Personal name Theraja, B. L.
245 ## - TITLE STATEMENT
Title Textbook of electrical technology
250 ## - EDITION STATEMENT
Edition statement 1st ed.
260 ## - PUBLICATION, DISTRIBUTION, ETC. (IMPRINT)
Place of publication, distribution, etc. New Delhi
Name of publisher, distributor, etc. S. Chand
Date of publication, distribution, etc. 1972
300 ## - PHYSICAL DESCRIPTION
Extent 1830 p.
Other physical details ill.
650 #0 - SUBJECT ADDED ENTRY--TOPICAL TERM
Topical term or geographic name as entry element Electrical engineering
700 ## - ADDED ENTRY--PERSONAL NAME
Personal name Deshpande, D. L.
942 ## - ADDED ENTRY ELEMENTS (KOHA)
Koha item type General Book
Holdings
Source of classification or shelving scheme Koha item type Koha date last seen Koha full call number Location (home branch) Date acquired Lost status Copy number Shelving location Not for loan Withdrawn status Price effective from Damaged status Sublocation or collection (holding branch) Piece designation (barcode) Koha normalized classification for sorting
 Reading Item2015-06-20623/THE/1972Central Library, BUET2015-06-20 1Reading section  2015-06-20 Central Library, BUET25557623_000000000000000_THE_1972
 Reading Item2015-06-20623/THE/1972Central Library, BUET2015-06-20 2Reading section  2015-06-20 Central Library, BUET24103623_000000000000000_THE_1972
 Reading Item2015-06-20623/THE/1972Central Library, BUET2015-06-20 3Reading section  2015-06-20 Central Library, BUET25558623_000000000000000_THE_1972
 General Book2015-06-20623/THE/1972Central Library, BUET2015-06-20 4Reading section  2015-06-20 Central Library, BUET24102623_000000000000000_THE_1972
 Reading Item2015-06-20623/THE/1972Central Library, BUET2015-06-20 5Reading section  2015-06-20 Central Library, BUET24101623_000000000000000_THE_1972